[Event "Bangabandhu-chT"]
[Site "Dhaka"]
[Date "2024.02.11"]
[Round "11.4"]
[White "Ter Sahakyan, Samvel"]
[Black "Nayem, Haque"]
[Result "1-0"]
[WhiteElo "2640"]
[BlackElo "2101"]
[PlyCount "51"]
[EventDate "2024.02.01"]
[EventType "team-tourn"]
[EventRounds "11"]
[EventCountry "BAN"]
[SourceTitle "CB07_2024"]
[SourceDate "2024.02.14"]
[SourceVersion "1"]
[SourceVersionDate "2024.02.14"]
[SourceQuality "1"]
[WhiteTeam "Bangladesh Police"]
[BlackTeam "Bangladesh Biman"]
[WhiteTeamCountry "BAN"]
[BlackTeamCountry "BAN"]

1. d4 d5 2. c4 c6 3. Nf3 Nf6 4. Qc2 e6 5. g3 Bb4+ 6. Nbd2 Nbd7 7. Bg2 0-0 8. 0-0 a5 9. e4 Bxd2 10. Nxd2 dxe4 11. Nxe4 Nxe4 12. Qxe4 c5 13. Be3 a4 14. dxc5 Qa5 15. Qd4 Nb8 16. Bd2 e5 17. Qd6 Qa6 18. Qxa6 Rxa6 19. b4 a3 20. Bc3 f6 21. Bd5+ Kh8 22. f4 exf4 23. Rxf4 Re8 24. Re1 Rxe1+ 25. Bxe1 Nd7 26. Bc3 1-0

[Event "Bangabandhu-chT"]
[Site "Dhaka"]
[Date "2024.02.03"]
[Round "3.4"]
[White "Nayem, Haque"]
[Black "Asif, Mahmud"]
[Result "1-0"]
[WhiteElo "2101"]
[BlackElo "1912"]
[PlyCount "115"]
[EventDate "2024.02.01"]
[EventType "team-tourn"]
[EventRounds "11"]
[EventCountry "BAN"]
[SourceTitle "CB06_2024"]
[SourceDate "2024.02.07"]
[SourceVersion "1"]
[SourceVersionDate "2024.02.07"]
[SourceQuality "1"]
[WhiteTeam "Bangladesh Biman"]
[BlackTeam "Leonine CC"]
[WhiteTeamCountry "BAN"]
[BlackTeamCountry "BAN"]

1. e4 e5 2. Nf3 Nc6 3. Bb5 a6 4. Ba4 Nf6 5. d3 b5 6. Bb3 Be7 7. 0-0 d6 8. c3 Na5 9. Bc2 c5 10. Re1 0-0 11. d4 Qc7 12. d5 Bg4 13. h3 Bh5 14. Nbd2 c4 15. Nf1 Rfe8 16. Ng3 Bg6 17. Nh4 Nb7 18. Nhf5 Bf8 19. Qf3 Nc5 20. Bg5 Ncd7 21. Kh2 a5 22. Rad1 Reb8 23. Re2 Rc8 24. Kg1 Rab8 25. Kh2 Ra8 26. Rc1 a4 27. a3 Rab8 28. Re3 Re8 29. Rg1 Ra8 30. Rf1 Rab8 31. Ra1 Ra8 32. Rb1 Rab8 33. Rh1 Ra8 34. Kg1 Rab8 35. Re1 Ra8 36. Re2 Rab8 37. Bb1 Ra8 38. Bc2 Rab8 39. Bd1 Qb6 40. Be3 Qc7 41. Bg5 Qb6 42. Bc2 Ra8 43. Nf1 Bxf5 44. Qxf5 Be7 45. Be3 Qc7 46. g4 g6 47. Qf3 Bf8 48. Ng3 Bg7 49. g5 Nh5 50. Nxh5 gxh5 51. Qxh5 b4 52. cxb4 c3 53. Bc1 cxb2 54. Bxb2 Nf8 55. Bd3 Ng6 56. Rc2 Qe7 57. Qg4 Nf4 58. Bb5 1-0

[Event "Bangabandhu-chT"]
[Site "Dhaka"]
[Date "2024.02.01"]
[Round "1.4"]
[White "Nayem, Haque"]
[Black "Anata, Choudhury"]
[Result "1/2-1/2"]
[WhiteElo "2101"]
[BlackElo "2157"]
[PlyCount "60"]
[EventDate "2024.02.01"]
[EventType "team-tourn"]
[EventRounds "11"]
[EventCountry "BAN"]
[SourceTitle "CB06_2024"]
[SourceDate "2024.02.07"]
[SourceVersion "1"]
[SourceVersionDate "2024.02.07"]
[SourceQuality "1"]
[WhiteTeam "Bangladesh Biman"]
[BlackTeam "Palli Sanchay Bank"]
[WhiteTeamCountry "BAN"]
[BlackTeamCountry "BAN"]

1. e4 c5 2. Nf3 d6 3. Bb5+ Nd7 4. a4 Ngf6 5. Nc3 g6 6. a5 Bg7 7. 0-0 a6 8. Be2 0-0 9. d3 b5 10. axb6 a5 11. Na4 Nxb6 12. Nd2 Nxa4 13. Rxa4 Bd7 14. Ra3 Ne8 15. Nc4 a4 16. Ra2 Bc6 17. Bf3 Nc7 18. Nb6 Ra6 19. Nd5 e6 20. Nxc7 Qxc7 21. Be2 Rb6 22. c3 Rb7 23. Qd2 c4 24. Re1 cxd3 25. Bxd3 Rd8 26. Qe2 Ra8 27. Qc2 Rab8 28. Qe2 Ra8 29. Qc2 Rab8 30. Qe2 Ra8 1/2-1/2

[Event "BAN-ch U18 41st"]
[Site "Dhaka"]
[Date "2023.12.29"]
[Round "7"]
[White "Barua, Oitijjo"]
[Black "Nayem, Haque"]
[Result "0-1"]
[WhiteElo "1456"]
[BlackElo "2076"]
[PlyCount "35"]
[EventDate "2023.12.25"]
[EventType "swiss"]
[EventRounds "9"]
[EventCountry "BAN"]
[SourceTitle "CB01_2024"]
[SourceDate "2024.01.03"]
[SourceVersion "1"]
[SourceVersionDate "2024.01.03"]
[SourceQuality "1"]

1. e4 c6 2. d4 d5 3. e5 Bf5 4. Nf3 e6 5. Bd3 Bxd3 6. Qxd3 Qa5+ 7. Nc3 Qa6 8. 0-0 Qxd3 9. cxd3 Ne7 10. a3 Nd7 11. b4 Ng6 12. Ng5 Be7 13. g3 0-0 14. h4 Bxg5 15. Bxg5 f6 16. exf6 gxf6 17. Bh6 Rfe8 18. f4 0-1

[Event "BAN-ch U18 41st"]
[Site "Dhaka"]
[Date "2023.12.27"]
[Round "4"]
[White "Nayem, Haque"]
[Black "Siam, Chowdhury"]
[Result "1-0"]
[WhiteElo "2076"]
[BlackElo "1852"]
[PlyCount "83"]
[EventDate "2023.12.25"]
[EventType "swiss"]
[EventRounds "9"]
[EventCountry "BAN"]
[SourceTitle "CB01_2024"]
[SourceDate "2024.01.03"]
[SourceVersion "1"]
[SourceVersionDate "2024.01.03"]
[SourceQuality "1"]

1. e4 c5 2. Nf3 e6 3. d4 cxd4 4. Nxd4 a6 5. Nc3 Qc7 6. g3 b5 7. Bg2 Bb7 8. 0-0 Nf6 9. Re1 d6 10. a3 Nbd7 11. f4 Rb8 12. h3 e5 13. Nf5 g6 14. Ne3 Bg7 15. f5 Nb6 16. g4 h6 17. Qd3 g5 18. Kh1 Bf8 19. a4 b4 20. a5 bxc3 21. axb6 Qxb6 22. Nc4 cxb2 23. Bxb2 Qc7 24. Ba3 Rd8 25. Rad1 h5 26. Nxd6+ Bxd6 27. Bxd6 Qb6 28. gxh5 Nxh5 29. Qc3 f6 30. Bc7 Rc8 31. Bxb6 Rc7 32. Qc4 Rxc4 33. Rd6 Rc3 34. Rd8+ Ke7 35. Rxh8 Ng3+ 36. Kh2 Bc6 37. Bf2 Nxf5 38. exf5 Rxc2 39. Bxc6 Rxf2+ 40. Kg3 Rxf5 41. Rd1 Rf4 42. Rh7+ 1-0

[Event "BAN-ch U18 41st"]
[Site "Dhaka"]
[Date "2023.12.26"]
[Round "3"]
[White "Justin, Matthias Baroi"]
[Black "Nayem, Haque"]
[Result "0-1"]
[WhiteElo "1608"]
[BlackElo "2076"]
[PlyCount "76"]
[EventDate "2023.12.25"]
[EventType "swiss"]
[EventRounds "9"]
[EventCountry "BAN"]
[SourceTitle "CB01_2024"]
[SourceDate "2024.01.03"]
[SourceVersion "1"]
[SourceVersionDate "2024.01.03"]
[SourceQuality "1"]

1. d4 d5 2. Nc3 Nf6 3. Bf4 a6 4. e3 e6 5. Bd3 Bd6 6. Nf3 Bxf4 7. exf4 c5 8. dxc5 Qa5 9. 0-0 0-0 10. Ne5 Qxc5 11. Qf3 Nc6 12. Ne2 Qd6 13. Nxc6 bxc6 14. c3 Bd7 15. Rad1 Rfb8 16. b3 c5 17. h3 a5 18. Qe3 Qc7 19. Qe5 Ra7 20. g4 Qxe5 21. fxe5 Ne8 22. f4 a4 23. Nc1 Bc6 24. Rf2 Re7 25. Re1 Nc7 26. Bc2 Nb5 27. Ne2 g6 28. bxa4 Na3 29. Ng3 Nxc2 30. Rxc2 Bxa4 31. Rd2 Bb5 32. f5 Bc4 33. f6 Ra7 34. Ra1 Ra3 35. Ne2 Kf8 36. Kg2 Ke8 37. Ng1 Rxc3 38. Nf3 d4 0-1

[Event "Bhubaneswar op-A 14th"]
[Site "Bhubaneswar"]
[Date "2023.06.13"]
[Round "4"]
[White "Snehil, Raj Singh"]
[Black "Nayem, Haque"]
[Result "0-1"]
[WhiteElo "1603"]
[BlackElo "2203"]
[PlyCount "39"]
[EventDate "2023.06.11"]
[EventType "swiss"]
[EventRounds "10"]
[EventCountry "IND"]
[SourceTitle "CBM 214 Extra"]
[Source "ChessBase"]
[SourceDate "2023.07.31"]
[SourceVersion "1"]
[SourceVersionDate "2023.07.31"]
[SourceQuality "1"]

1. e4 e5 2. Nf3 Nc6 3. Bc4 Nf6 4. d3 Bc5 5. 0-0 d6 6. c3 Bb6 7. Nbd2 0-0 8. h3 Ne7 9. Re1 Ng6 10. Nf1 Be6 11. Qe2 Nh5 12. a4 Nhf4 13. Qc2 c6 14. Be3 Qf6 15. N1h2 d5 16. exd5 cxd5 17. Ba2 Bc7 18. Rad1 Rfe8 19. Bb1 Rec8 20. Bxf4 0-1

[Event "Bhubaneswar op-A 14th"]
[Site "Bhubaneswar"]
[Date "2023.06.11"]
[Round "1"]
[White "Nayem, Haque"]
[Black "Vengatesh Krishnan, C."]
[Result "1-0"]
[WhiteElo "2203"]
[BlackElo "1698"]
[PlyCount "115"]
[EventDate "2023.06.11"]
[EventType "swiss"]
[EventRounds "10"]
[EventCountry "IND"]
[SourceTitle "EXT 2024"]
[Source "ChessBase"]
[SourceDate "2023.10.10"]
[SourceVersion "1"]
[SourceVersionDate "2023.10.10"]
[SourceQuality "1"]

1. e4 c5 2. Nf3 d6 3. Bb5+ Bd7 4. Bxd7+ Nxd7 5. 0-0 Ngf6 6. Re1 e6 7. c3 Be7 8. d4 d5 9. exd5 exd5 10. Qe2 Ne4 11. Nbd2 Ndf6 12. Qb5+ Qd7 13. Qxd7+ Kxd7 14. Ne5+ Ke8 15. Nxe4 dxe4 16. dxc5 Bxc5 17. Ng4 Nxg4 18. Rxe4+ Kf8 19. Rxg4 Rd8 20. Be3 Bxe3 21. fxe3 g6 22. Rd4 Re8 23. Kf2 Re7 24. Rd8+ Kg7 25. Rxh8 Kxh8 26. Rd1 Kg7 27. Rd4 h5 28. Kf3 Kf6 29. h3 a6 30. c4 Rc7 31. b3 Ke6 32. Ke2 b6 33. e4 b5 34. Kd3 Rc8 35. b4 bxc4+ 36. Rxc4 Rd8+ 37. Kc3 Ra8 38. Rc5 Ra7 39. Kb3 f5 40. exf5+ gxf5 41. Ra5 h4 42. b5 Rb7 43. Rxa6+ Kd5 44. a4 Rg7 45. Rh6 Rxg2 46. Rxh4 Kc5 47. Rc4+ Kb6 48. Rc6+ Kb7 49. Rf6 Rg3+ 50. Kb4 Rxh3 51. Rf7+ Kc8 52. a5 Rh4+ 53. Kc5 f4 54. a6 Kb8 55. a7+ Ka8 56. b6 Rh8 57. Kb5 f3 58. Ka6 1-0

[Event "Asia zt 3.2"]
[Site "Dhaka"]
[Date "2023.05.10"]
[Round "9"]
[White "Subrota, Biswas"]
[Black "Nayem, Haque"]
[Result "0-1"]
[WhiteElo "2239"]
[BlackElo "2204"]
[PlyCount "104"]
[EventDate "2023.05.02"]
[EventType "swiss"]
[EventRounds "9"]
[EventCountry "BAN"]
[SourceTitle "CBM 214 Extra"]
[Source "ChessBase"]
[SourceDate "2023.07.31"]
[SourceVersion "1"]
[SourceVersionDate "2023.07.31"]
[SourceQuality "1"]

1. e4 e5 2. Nf3 Nc6 3. d4 exd4 4. Nxd4 Nf6 5. Nxc6 bxc6 6. e5 Qe7 7. Qe2 Nd5 8. h4 a5 9. g3 Ba6 10. c4 Nb6 11. b3 Qe6 12. Bh3 Bb4+ 13. Nd2 Qe7 14. Bb2 a4 15. f4 a3 16. Bd4 c5 17. Be3 0-0 18. Kf2 d5 19. exd6 cxd6 20. Nf3 Rae8 21. Rae1 Bxe1+ 22. Rxe1 Nd5 23. Bc1 Qxe2+ 24. Rxe2 Rxe2+ 25. Kxe2 Nc3+ 26. Kd2 Nxa2 27. Bxa3 Rb8 28. Kc2 Nb4+ 29. Kc3 Re8 30. Kd2 Bb7 31. Ne1 Be4 32. Bd7 Re7 33. Bg4 Nc6 34. Bd1 Kf8 35. Nc2 Bxc2 36. Bxc2 h6 37. Bd1 Ra7 38. Bb2 Ra2 39. Kc1 Nb4 40. Be2 Ra8 41. h5 f6 42. Kd2 Ke7 43. Kc1 Rd8 44. Kd2 d5 45. cxd5 Nxd5 46. Kc1 Nb4 47. Ba3 Ke6 48. Bg4+ Ke7 49. Be2 Rd4 50. Bc4 Kd6 51. Be2 Rd5 52. Bd1 Rd3 0-1

[Event "Asia zt 3.2"]
[Site "Dhaka"]
[Date "2023.05.08"]
[Round "7"]
[White "Marzouq, Chowdhury"]
[Black "Nayem, Haque"]
[Result "1/2-1/2"]
[WhiteElo "1783"]
[BlackElo "2204"]
[PlyCount "77"]
[EventDate "2023.05.02"]
[EventType "swiss"]
[EventRounds "9"]
[EventCountry "BAN"]
[SourceTitle "CBM 214 Extra"]
[Source "ChessBase"]
[SourceDate "2023.07.31"]
[SourceVersion "1"]
[SourceVersionDate "2023.07.31"]
[SourceQuality "1"]

1. d4 Nf6 2. Nf3 d5 3. Bf4 e6 4. e3 Bd6 5. Nbd2 0-0 6. c3 c5 7. Bd3 Bxf4 8. exf4 cxd4 9. Nxd4 Qc7 10. g3 Nbd7 11. 0-0 e5 12. fxe5 Nxe5 13. Be2 Bh3 14. Re1 Rfe8 15. N2f3 Nc4 16. Qc2 a6 17. Bd3 Bg4 18. Bf5 Bxf5 19. Nxf5 g6 20. N5d4 Qb6 21. Nb3 a5 22. a4 Ne4 23. Nfd4 Qf6 24. Nb5 Ncd2 25. Re2 Nf3+ 26. Kg2 Neg5 27. N5d4 h5 28. h4 Nxd4 29. Nxd4 Ne4 30. f3 Nd6 31. Rae1 Rxe2+ 32. Rxe2 Nc4 33. Qb3 Qb6 34. Qxb6 Nxb6 35. Re7 Nxa4 36. Rxb7 Nc5 37. Rb5 Nd3 38. Kf1 Re8 39. Rxa5 1/2-1/2

[Event "Asia zt 3.2"]
[Site "Dhaka"]
[Date "2023.05.05"]
[Round "4"]
[White "Nayem, Haque"]
[Black "Md, Sariatullah"]
[Result "1/2-1/2"]
[WhiteElo "2204"]
[BlackElo "1962"]
[PlyCount "76"]
[EventDate "2023.05.02"]
[EventType "swiss"]
[EventRounds "9"]
[EventCountry "BAN"]
[SourceTitle "CBM 214 Extra"]
[Source "ChessBase"]
[SourceDate "2023.07.31"]
[SourceVersion "1"]
[SourceVersionDate "2023.07.31"]
[SourceQuality "1"]

1. e4 b6 2. d4 Bb7 3. Nc3 e6 4. Nf3 Bb4 5. Bd3 Nf6 6. Qe2 d5 7. e5 Ne4 8. Bd2 Bxc3 9. bxc3 c5 10. 0-0 0-0 11. Rab1 h6 12. h3 Nc6 13. Rbd1 f5 14. exf6 Qxf6 15. Bxe4 dxe4 16. Qxe4 Na5 17. Qg4 Bxf3 18. gxf3 Qxf3 19. Qxe6+ Kh8 20. Qg4 Nc4 21. Qxf3 Rxf3 22. Kg2 Raf8 23. d5 R3f5 24. Bc1 Rd8 25. Rd3 Rdxd5 26. Rxd5 Rxd5 27. Re1 Rd7 28. Re4 Nd6 29. Re6 Kg8 30. Bf4 Nb5 31. Re3 Na3 32. Re2 Kf7 33. Bc1 Nc4 34. Re4 b5 35. a4 a6 36. axb5 axb5 37. Be3 Nxe3+ 38. Rxe3 Kf6 1/2-1/2

[Event "Asia zt 3.2"]
[Site "Dhaka"]
[Date "2023.05.04"]
[Round "3"]
[White "Mohammad Fahad, Rahman"]
[Black "Nayem, Haque"]
[Result "1-0"]
[WhiteElo "2396"]
[BlackElo "2204"]
[PlyCount "87"]
[EventDate "2023.05.02"]
[EventType "swiss"]
[EventRounds "9"]
[EventCountry "BAN"]
[SourceTitle "CBM 214 Extra"]
[Source "ChessBase"]
[SourceDate "2023.07.31"]
[SourceVersion "1"]
[SourceVersionDate "2023.07.31"]
[SourceQuality "1"]

1. d4 Nf6 2. c4 e6 3. Nf3 d5 4. Nc3 Bb4 5. Bg5 h6 6. Bxf6 Qxf6 7. e3 0-0 8. Rc1 Nd7 9. a3 Bxc3+ 10. Rxc3 c6 11. Be2 dxc4 12. Rxc4 e5 13. 0-0 exd4 14. Rxd4 c5 15. Rxd7 Bxd7 16. Qxd7 Qxb2 17. Bc4 b5 18. Qxb5 Qxb5 19. Bxb5 Rab8 20. a4 f6 21. Rc1 Rfc8 22. g3 Kf8 23. Nd2 Ke7 24. Nb3 Rc7 25. Rxc5 Rxc5 26. Nxc5 Kd6 27. Na6 Rc8 28. Kg2 Rc1 29. Nb4 Rb1 30. Nc2 Rc1 31. Nd4 Rc7 32. h4 Kd5 33. Kf3 Re7 34. h5 Kc5 35. Kf4 Kb6 36. Be2 Re5 37. Nb3 a6 38. g4 Kb7 39. f3 Kb6 40. e4 Ka7 41. Bc4 Kb6 42. a5+ Ka7 43. Bd5 Re7 44. Nd4 1-0

[Event "Dhaka Walton op"]
[Site "Dhaka"]
[Date "2023.04.09"]
[Round "7"]
[White "Masum, Hossain"]
[Black "Nayem, Haque"]
[Result "0-1"]
[WhiteElo "1958"]
[BlackElo "2189"]
[PlyCount "106"]
[EventDate "2023.04.03"]
[EventType "swiss"]
[EventRounds "9"]
[EventCountry "BAN"]
[SourceTitle "EXT 2024"]
[Source "ChessBase"]
[SourceDate "2023.10.10"]
[SourceVersion "1"]
[SourceVersionDate "2023.10.10"]
[SourceQuality "1"]

1. d4 Nf6 2. c4 e6 3. Nc3 Bb4 4. Qc2 d5 5. cxd5 exd5 6. Bg5 h6 7. Bh4 Be6 8. Nf3 Nbd7 9. e3 c5 10. Bb5 g5 11. Bg3 Qa5 12. 0-0 Bxc3 13. Bxd7+ Nxd7 14. bxc3 Rc8 15. Rac1 0-0 16. Nd2 f5 17. Bd6 Rf7 18. Nb3 Qa6 19. Bxc5 Rc6 20. f4 g4 21. Bb4 b6 22. Nd2 Nf6 23. a4 Rfc7 24. a5 b5 25. Bc5 Qc8 26. Rfe1 Rh7 27. Bb4 h5 28. Nb3 Ne4 29. Nc5 Nxc5 30. Bxc5 a6 31. Qb3 Qd7 32. Qb2 h4 33. Red1 Bf7 34. Re1 Rhh6 35. Qb4 Rhe6 36. Qb2 Re4 37. Qf2 Rh6 38. Qd2 g3 39. h3 Rhe6 40. c4 bxc4 41. Rb1 Qe8 42. Rb6 Rxe3 43. Rxe6 Rxe6 44. Re5 Qa4 45. Rxe6 Bxe6 46. Bb4 Qa1+ 47. Qe1 Qxd4+ 48. Kh1 Kf7 49. Bc3 Qf2 50. Qd1 Kg6 51. Bd4 Qxf4 52. Qa1 Qe4 53. Qb2 f4 0-1

[Event "Dhaka Walton op"]
[Site "Dhaka"]
[Date "2023.04.08"]
[Round "6"]
[White "Nayem, Haque"]
[Black "Zia, Tahsin Tajwar"]
[Result "1/2-1/2"]
[WhiteElo "2189"]
[BlackElo "2319"]
[PlyCount "27"]
[EventDate "2023.04.03"]
[EventType "swiss"]
[EventRounds "9"]
[EventCountry "BAN"]
[SourceTitle "EXT 2024"]
[Source "ChessBase"]
[SourceDate "2023.10.10"]
[SourceVersion "1"]
[SourceVersionDate "2023.10.10"]
[SourceQuality "1"]

1. e4 c6 2. d4 d5 3. exd5 cxd5 4. Bd3 Nc6 5. Ne2 Nf6 6. 0-0 Bg4 7. c3 e6 8. Qb3 Bxe2 9. Bxe2 Rb8 10. Bf4 Bd6 11. Bxd6 Qxd6 12. Qa3 Qc5 13. Qb4 Qxb4 14. Na3 1/2-1/2

[Event "BAN-chT Premier"]
[Site "Dhaka"]
[Date "2022.11.30"]
[Round "1.2"]
[White "Mendonca, Leon Luke"]
[Black "Nayem, Haque"]
[Result "1-0"]
[WhiteElo "2565"]
[BlackElo "2189"]
[PlyCount "57"]
[EventDate "2022.11.30"]
[EventType "team-tourn"]
[EventRounds "11"]
[EventCountry "BAN"]
[SourceTitle "CBM 211 Extra"]
[Source "ChessBase"]
[SourceDate "2023.01.31"]
[SourceVersion "1"]
[SourceVersionDate "2023.01.31"]
[SourceQuality "1"]
[WhiteTeam "Manha's Castle"]
[BlackTeam "Bangladesh Biman"]
[WhiteTeamCountry "BAN"]
[BlackTeamCountry "BAN"]

1. d4 Nf6 2. c4 e6 3. Nf3 d5 4. Nc3 Bb4 5. Qa4+ Nc6 6. a3 Be7 7. e3 0-0 8. Qc2 a6 9. Bd2 dxc4 10. Bxc4 Bd6 11. 0-0 e5 12. dxe5 Nxe5 13. Nxe5 Bxe5 14. h3 Qe7 15. f4 Bxc3 16. Bxc3 Qxe3+ 17. Kh2 Qe4 18. Bd3 Qc6 19. Rf3 h6 20. Rc1 Rd8 21. Qf2 a5 22. Qh4 Kf8 23. Rg3 Bd7 24. Bxf6 Qxf6 25. Qxf6 gxf6 26. Bh7 Be6 27. f5 Ra6 28. fxe6 fxe6 29. Rg8+ 1-0

[Event "BAN-chB 47th"]
[Site "Dhaka"]
[Date "2022.10.28"]
[Round "2"]
[White "Islam, Sheik Md Khairul"]
[Black "Nayem, Haque"]
[Result "0-1"]
[WhiteElo "1901"]
[BlackElo "2189"]
[PlyCount "32"]
[EventDate "2022.10.27"]
[EventType "swiss"]
[EventRounds "11"]
[EventCountry "BAN"]
[SourceTitle "EXT 2024"]
[Source "ChessBase"]
[SourceDate "2023.10.10"]
[SourceVersion "1"]
[SourceVersionDate "2023.10.10"]
[SourceQuality "1"]

1. e4 c5 2. a3 Nc6 3. b4 a6 4. c3 e5 5. Nf3 d5 6. exd5 Qxd5 7. g3 Bg4 8. Bg2 Nf6 9. d3 cxb4 10. axb4 Qd7 11. Qb3 Nd5 12. 0-0 Be7 13. Kh1 h6 14. Rg1 Bg5 15. Nbd2 Rd8 16. Nf1 Qe6 0-1

[Event "Titled Tuesday intern op 30th Aug Early"]
[Site "Chess.com INT"]
[Date "2022.08.30"]
[Round "11"]
[White "Nayem, Haque"]
[Black "Vargas, Mauricio"]
[Result "1-0"]
[WhiteElo "2189"]
[BlackElo "2094"]
[PlyCount "95"]
[EventDate "2022.08.30"]
[EventType "swiss (blitz)"]
[EventRounds "11"]
[EventCountry "USA"]
[SourceTitle "EXT 2023"]
[Source "ChessBase"]
[SourceDate "2022.10.05"]
[SourceVersion "1"]
[SourceVersionDate "2022.10.05"]
[SourceQuality "1"]

1. Nf3 Nc6 2. g3 e5 3. Bg2 f5 4. d4 e4 5. Ne5 Nf6 6. 0-0 Bd6 7. Nxc6 dxc6 8. c3 0-0 9. f3 Qe8 10. Bg5 Qh5 11. Bxf6 Rxf6 12. fxe4 Rh6 13. e5 Qxh2+ 14. Kf2 f4 15. gxf4 Qxf4+ 16. Ke1 Qg3+ 17. Rf2 Be7 18. Qd3 Bh4 19. Qxg3 Bxg3 20. Nd2 Rh2 21. Kf1 Bxf2 22. Kxf2 Bh3 23. Rg1 Rf8+ 24. Nf3 Bxg2 25. Rxg2 Rxg2+ 26. Kxg2 Kf7 27. e4 Ke6 28. Ng5+ Ke7 29. Kg3 h6 30. Nf3 c5 31. Nh4 cxd4 32. cxd4 Rd8 33. Nf5+ Kf7 34. d5 h5 35. Kf4 g6 36. e6+ Ke8 37. Nh4 c6 38. Ke5 g5 39. Nf5 cxd5 40. exd5 h4 41. d6 h3 42. Kf6 h2 43. Ng7+ Kf8 44. e7+ Kg8 45. exd8Q+ Kh7 46. Nh5 h1Q 47. Qe7+ Kg8 48. Qg7# 1-0

[Event "Titled Tuesday intern op 28th Jun Early"]
[Site "Chess.com INT"]
[Date "2022.06.28"]
[Round "9"]
[White "Nayem, Haque"]
[Black "Shailendra, K Bajpai"]
[Result "1-0"]
[WhiteElo "2184"]
[BlackElo "2227"]
[PlyCount "61"]
[EventDate "2022.06.28"]
[EventType "swiss (blitz)"]
[EventRounds "11"]
[EventCountry "USA"]
[SourceTitle "CBM 209 Extra"]
[Source "ChessBase"]
[SourceDate "2022.09.30"]
[SourceVersion "1"]
[SourceVersionDate "2022.09.30"]
[SourceQuality "1"]

1. e4 c5 2. Nf3 d6 3. d4 cxd4 4. Nxd4 Nf6 5. Nc3 g6 6. Be3 Bg7 7. h3 0-0 8. Qd2 Nc6 9. 0-0-0 d5 10. exd5 Nxd5 11. Nxc6 bxc6 12. Nxd5 cxd5 13. Qxd5 Qc7 14. Qc5 Qb7 15. c3 Bf5 16. Qb5 Qc7 17. Qc5 Qxc5 18. Bxc5 Rfc8 19. Bd4 e5 20. Be3 a5 21. Bb5 a4 22. a3 Rab8 23. Bd7 Bxd7 24. Rxd7 Bf8 25. Ra7 Bxa3 26. bxa3 Rxc3+ 27. Kd2 Rxa3 28. Rc1 Rd8+ 29. Ke2 Ra2+ 30. Kf1 a3 31. g4 1-0

[Event "Titled Tuesday intern op 28th Jun Early"]
[Site "Chess.com INT"]
[Date "2022.06.28"]
[Round "10"]
[White "Nayem, Haque"]
[Black "Wartiovaara, Oliver"]
[Result "0-1"]
[WhiteElo "2184"]
[BlackElo "2158"]
[PlyCount "102"]
[EventDate "2022.06.28"]
[EventType "swiss (blitz)"]
[EventRounds "11"]
[EventCountry "USA"]
[SourceTitle "CBM 209 Extra"]
[Source "ChessBase"]
[SourceDate "2022.09.30"]
[SourceVersion "1"]
[SourceVersionDate "2022.09.30"]
[SourceQuality "1"]

1. e4 c5 2. Nf3 a6 3. d4 cxd4 4. Nxd4 Nf6 5. Nc3 e5 6. Nf5 d5 7. Bg5 Bxf5 8. exf5 Bb4 9. Bxf6 gxf6 10. a3 Bxc3+ 11. bxc3 Qa5 12. Qd2 Nd7 13. Be2 Rc8 14. 0-0 Rxc3 15. Rfb1 b6 16. Bh5 Rxa3 17. Qxa5 Rxa5 18. Rxa5 bxa5 19. Rb7 d4 20. Bxf7+ Kxf7 21. Rxd7+ Ke8 22. Ra7 Rf8 23. Rxa6 Rf7 24. Kf1 Rc7 25. Rxf6 Rxc2 26. Re6+ Kf7 27. Rxe5 a4 28. Ke1 a3 29. Ra5 a2 30. g4 h6 31. h4 d3 32. g5 hxg5 33. hxg5 Rb2 34. Ra7+ Kf8 35. Ra8+ Ke7 36. Ra7+ Kd8 37. g6 Rb1+ 38. Kd2 a1Q 39. Rxa1 Rxa1 40. f6 Rg1 41. g7 Ke8 42. Kxd3 Kf7 43. Ke4 Kxf6 44. Kf4 Rxg7 45. f3 Ra7 46. Kg4 Ra4+ 47. f4 Rb4 48. Kg3 Kf5 49. Kh4 Rxf4+ 50. Kh5 Kf6 51. Kh6 Rh4# 0-1

[Event "Titled Tuesday intern op 08th Mar Late"]
[Site "Chess.com INT"]
[Date "2022.03.08"]
[Round "9"]
[White "Morris Suzuki, Sophie"]
[Black "Nayem, Haque"]
[Result "1-0"]
[WhiteElo "2067"]
[BlackElo "2180"]
[PlyCount "93"]
[EventDate "2022.03.08"]
[EventType "swiss (blitz)"]
[EventRounds "11"]
[EventCountry "USA"]
[SourceTitle "CBM 207 Extra"]
[Source "ChessBase"]
[SourceDate "2022.05.31"]
[SourceVersion "1"]
[SourceVersionDate "2022.05.31"]
[SourceQuality "1"]

1. e4 c6 2. Nc3 d5 3. Nf3 Nf6 4. e5 Ne4 5. Ne2 Qb6 6. d4 e6 7. Ng3 c5 8. Bd3 Nxg3 9. fxg3 cxd4 10. 0-0 h6 11. Nh4 Be7 12. Qh5 g6 13. Qf3 Rh7 14. Nxg6 fxg6 15. Bxg6+ Kd7 16. Bxh7 Nc6 17. Bf4 Qxb2 18. Bg8 Kc7 19. Qg4 Qxc2 20. Bxe6 d3 21. Bxc8 Rxc8 22. e6+ Kb6 23. Be3+ Ka6 24. Rfc1 Bc5 25. Bxc5 Qb2 26. Qa4+ Na5 27. Rab1 Rxc5 28. Rxb2 Rxc1+ 29. Kf2 Rc5 30. Rd2 b5 31. Qf4 Rc4 32. Qf5 Re4 33. Rxd3 Nc4 34. Qxd5 Re5 35. Qd7 Rf5+ 36. Ke1 Re5+ 37. Kd1 Nb2+ 38. Kc2 Nxd3 39. Kxd3 b4 40. Qd6+ Kb7 41. Qxe5 b3 42. axb3 Kc8 43. e7 Kb7 44. e8Q a5 45. Q8b5+ Ka7 46. Qc7+ Ka8 47. Qa6# 1-0

[Event "Titled Tuesday intern op 08th Mar Late"]
[Site "Chess.com INT"]
[Date "2022.03.08"]
[Round "7"]
[White "Nayem, Haque"]
[Black "Mangialardo, Tiago Carvalho"]
[Result "1-0"]
[WhiteElo "2180"]
[BlackElo "1965"]
[PlyCount "87"]
[EventDate "2022.03.08"]
[EventType "swiss (blitz)"]
[EventRounds "11"]
[EventCountry "USA"]
[SourceTitle "CBM 207 Extra"]
[Source "ChessBase"]
[SourceDate "2022.05.31"]
[SourceVersion "1"]
[SourceVersionDate "2022.05.31"]
[SourceQuality "1"]

1. e4 e5 2. Nf3 Nc6 3. d4 exd4 4. Nxd4 Bc5 5. Nb3 Bb6 6. Nc3 Qf6 7. Qe2 Nge7 8. Nd5 Nxd5 9. exd5+ Ne7 10. c4 d6 11. Be3 0-0 12. 0-0-0 Bf5 13. g4 Be4 14. Bxb6 Bxh1 15. Bd4 Qg5+ 16. Kb1 Ng6 17. Be3 Qf6 18. f4 Nxf4 19. Qf2 Be4+ 20. Ka1 Ng6 21. Qd2 Rfe8 22. Nd4 Bf3 23. Rc1 Bxg4 24. Nb5 Qe7 25. Bd4 a6 26. Nc3 Qd7 27. b3 Qf5 28. Bd3 Qf3 29. Bb1 Ne5 30. Rg1 Bf5 31. Qg5 Bg6 32. h4 h6 33. Qd2 h5 34. Bxg6 Nxg6 35. Kb2 Qh3 36. Qg5 Qxh4 37. Qxh4 Nxh4 38. Rxg7+ Kf8 39. Rh7 Nf3 40. Bf6 Re2+ 41. Nxe2 Ke8 42. Rh8+ Kd7 43. Rxa8 Ne5 44. Rd8# 1-0